000 00896cam a22002773a 4500
001 29214
003 PGUSA
005 20140828083630.0
008 090624s2009||||xxu|||||s|||||000 | eng d
040 _aPGUSA
_beng
042 _adc
050 4 _aPE
100 1 _aCaxton, William,
_d-1491
245 1 0 _aDialogues in French and English
_h[electronic resource] /
_cWilliam Caxton
260 _bProject Gutenberg,
_c2009
506 _aPublic domain in the USA.
516 _aElectronic text
653 _aEnglish language -- Conversation and phrase books -- Early works to 1800
653 _aFrench language -- Conversation and phrase books -- Early works to 1800
653 _aDialogues, English (Middle)
653 _aDialogues, French
700 1 _aBradley, Henry,
_d1845-1923
830 0 _aProject Gutenberg
_v29214
856 4 0 _uhttp://www.gutenberg.org/ebooks/29214
942 _cEB
999 _c258469
_d258469